Catálogo
 En Linea

Christopher Columbus and his monument Columbia : (Registro nro. 33459)

Detalles MARC
000 -CABECERA
campo de control de longitud fija 00744nam a2200157 a 4500
001 - NÚMERO DE CONTROL
campo de control 000033968
005 - FECHA Y HORA DE LA ÚLTIMA TRANSACCIÓN
campo de control 20200930070649.0
008 - DATOS DE LONGITUD FIJA--INFORMACIÓN GENERAL
campo de control de longitud fija 110915s1892 xxua 000 0 eng d
040 ## - FUENTE DE LA CATALOGACIÓN
Centro catalogador/agencia de origen DO-SdBNP
Lengua de catalogación spa
Centro/agencia transcriptor BNPHU
082 ## - NÚMERO DE LA CLASIFICACIÓN DECIMAL DEWEY
Número de clasificación xxx
Número de documento/Ítem C556
245 00 - MENCIÓN DE TÍTULO
Título Christopher Columbus and his monument Columbia :
Resto del título being a concordance of choice tributes to the great Genoese, his grand discovery, and his greatness of mind and purpose : the testimony of ancient authors, the tributes of modern men /
Mención de responsabilidad, etc. compiled J.M. Dickey.
260 ## - PUBLICACIÓN, DISTRIBUCIÓN, ETC.
Lugar de publicación, distribución, etc. Chicago :
-- New York :
Nombre del editor, distribuidor, etc. Rand, McNally,
Fecha de publicación, distribución, etc. 1892.
300 ## - DESCRIPCIÓN FÍSICA
Extensión 397 p. :
Otras características físicas il., retr. ;
Dimensiones 21 cm.
500 ## - NOTA GENERAL
Nota general Adorned with the sculptures, scenes and portraits of the old world and the new
700 1# - PUNTO DE ACCESO ADICIONAL--NOMBRE DE PERSONA
Nombre de persona Dickey, J. M.,
Término indicativo de función/relación comp.
9 (RLIN) 59428
Existencias
Estado de retiro Estado de pérdida Restricciones de uso No para préstamo Código de colección Localización permanente Ubicación/localización actual Ubicación en estantería Fecha de adquisición Número de inventario Total de préstamos Signatura topográfica completa Código de barras Fecha visto por última vez Precio válido a partir de Tipo de ítem Koha
      Excluido de préstamo Raros y valiosos General General En catalogación 15.09.2011 LF1   xxx C556 33968-10 25.06.2020 25.06.2020 No se presta

Con tecnología Koha